| 000 | 00630nam a22001937a 4500 | ||
|---|---|---|---|
| 003 | 0 | ||
| 005 | 20250828130057.0 | ||
| 008 | 250828b xxu||||| |||| 00| 0 eng d | ||
| 020 | _a978-1-98469-446-1 | ||
| 050 |
_aHD 58.7 _b.C65 2025 |
||
| 100 |
_aCollins, Aaron, _eauthor. |
||
| 245 |
_aHuman behavior in organization / _cAaron Collins. |
||
| 260 |
_aNew York, NY : _b3G E-Learning LLC, _c2025. |
||
| 300 |
_axx, 236 pages : _bcolored illustrations ; _c26 cm. |
||
| 504 | _aIncludes bibliographical references and index. | ||
| 650 | _aOrganizational behavior. | ||
| 650 |
_aManagement _vPsychological aspects. |
||
| 942 |
_2lcc _cBK |
||
| 999 |
_c367662 _d367662 |
||